Formel 1: Weltmeister Still Alive - Sudden Death - Statistiken

Allgemein
  • Dieses Quiz wurde 558 mal gespielt
    182 seit der letzten Aktualisierung
  • Das Durchschnittsergebnis liegt bei 13 aus 21
Answers on the Grid
Answers color-coded by a green-red scale on the quiz's grid according to % correct below.
Giuseppe Farina
Mike Hawthorn
Jim Clark
Jackie Stewart
Emerson Fittipaldi
Damon Hill
Jody Scheckter
Juan Manuel Fangio
Jochen Rindt
Alan Jones
Lando Norris
Mario Andretti
Keke Rosberg
Nelson Piquet
Niki Lauda
Jacques Villeneuve
Alain Prost
James Hunt
Dennis Hulme
Ayrton Senna
Michael Schumacher
Mika Hakkinen
John Surtees
Kimi Raikkonen
Fernando Alonso
Max Verstappen
Alberto Ascari
Nico Rosberg
Phil Hill
Jenson Button
Lewis Hamilton
Graham Hill
Jack Brabham
Nigel Mansell
Sebastian Vettel
 
Antwortstatistiken
Antwort % Korrekt
2008, 2014, 2015, 2017, 2018, 2019, 2020 Lewis Hamilton
85%
2021, 2022, 2023, 2024 Max Verstappen
82%
2010, 2011, 2012, 2013 Sebastian Vettel
82%
1994, 1995, 2000, 2001, 2002, 2003, 2004 Michael Schumacher
80%
2016 Nico Rosberg
79%
2025 Lando Norris
77%
2009 Jenson Button
76%
2005, 2006 Fernando Alonso
75%
2007 Kimi Raikkonen
75%
1998, 1999 Mika Hakkinen
74%
1982 Keke Rosberg
66%
1981,1983,1987 Nelson Piquet
63%
1997 Jacques Villeneuve
61%
1985, 1986, 1989 1993 Alain Prost
59%
1996 Damon Hill
53%
1992 Nigel Mansell
49%
1969, 1971, 1973 Jackie Stewart
41%
1978 Mario Andretti
41%
1972, 1974 Emerson Fittipaldi
39%
1979 Jody Scheckter
28%
1980 Alan Jones
26%
Keine übereinstimmenden Quizze gefunden
Verteilung der Resultate
Anzahl Personen mit jedem Resultat
Perzentil nach korrekt beantworteten Fragen
Ihre Resultats-Entwicklung
Sie haben dieses Quiz seit der letzten Aktualisierung nicht gespielt